000 02804cas a22003135a 4500
001 L142111
008 070216c2008 xxkmr ws ss f000 0 eng d
022 1 _a0964-4575
035 _a(Sirsi) u142111
041 0 _aeng
050 0 4 _a692.80212 $2 18
110 1 _aUnited Kingdom
_bDepartment of Trade and Industry
245 0 0 _aPrice adjustment formulae for construction contracts
_bmonthly bulletin of indices
_h[electronic resource]
260 _aLondon
_bBCIS
_c2008-
490 0 _aDTI Monthly Bulletin of Indices
505 2 _aSeries 3 - Building and specialist engineering formulae indices and 1990 series civil engineering formula indices and 1990 series structural steelwork formula indicies : work category indices (3/01 to 3/60); scaffolding indices (labour and materials); plant index; labour indices (building and plumbing); electrical installations indices (E1 and E2); mechanical installations indicies (H1 to H4); lift installation indicies (L1 to L4); catering equipment indices (C1 to C4); civil engineering formula indices (1 to 15); structural steelwork formula indices (S1 to S3).
505 2 _aSeries 2 - Building and specialist engineering formulae indices and 1970 series civil engineering formulae indicies : work category indices (2/1 to 2/49); labour indices (Appendix 1 to Appendix 4); scaffolding indices (Appendix 5 and Appendix 6); plant index (Appendix 7); electrical installations indices (E1 and E2); heating and ventilation and sprinkler installations indices (H1 to SP2); lift installations indices (L1 to L4); catering equipment indices (C1 to C4); structural steelwork indices (S1 and S2); civil egineering indices (1 to 11B); structural steelwork indices (12 and 13).
520 _aPrice adjustment formulae calculate the increase, or decrease, in contractors' costs over any period to the nearest month using indices published in this monthly bulletin. The Bulletin contains Series 3 (1990=100) and Series 2 (1970/6=100) indices. The original Series 1 indices ceased with the December 1981 values.
520 _aFrom January 2008, the indices are published electronically only by BCIS. Subscribers to BCIS will be able to access the service at www.bcis.co.uk using the username and password issued to you by BCIS. Alternatively RICS members will be able to use the service via the public access terminals in the RICS Library - please ask for details.
650 2 4 _aBAXTER INDICES
650 2 4 _aDTI MONTHLY BULLETIN OF INDICES
650 2 4 _aNEDO INDICES
650 2 4 _aOSBORNE INDICES
651 4 _aUnited Kingdom
_y
690 _aBUILT ENVIRONMENT-BUILDING COSTS
710 2 _aOffice for National Statistics
_92210
856 4 0 _uhttps://service.bcis.co.uk/
_zView the indices at www.bcis.co.uk using your BCIS username and password...
942 _n0
999 _c119160
_d119160